000 00453nam a22001577a 4500
003 NUST
038 _aNusrat Nadeem
082 _a200
100 _aAsghar, Talha
_9130536
245 _aTURBO Crop Seller/
_cTalha Asghar,
264 _aIslamabad:
_bSEECS NUST.
_c2025.
690 _aMS-Computer Science
_926780
700 _aSupervisor: Dr. Mehvish Rashid
_9114353
856 _u http://10.250.8.41:8080/xmlui/handle/123456789/54399
942 _2ddc
_cSC
999 _c614732
_d614732